LEADER 00857nam a2200229 i 4500 001 000000182790 003 CaOOAMICUS 005 20091030000000.0 008 091030s1973 it u000 u ita u 013 $a160751 040 $aSeMil$bita 100 1 $aFragoso, Antonio Batista.$0(OLS)http://semarc/name/67327 245 13$aIl Vangelo della speranza /$cAntonio Batista Fragoso. 260 $aRoma :$bASAL,$ccopyr. 1973. 300 $a122 p. ;$c19 cm. 490 0 $aQuaderni Asal ;$v7 650 4$aSperanza.$0(OLS)http://semarc/subject/7859 830 0$aQuaderni Asal ;$v7.$0(OLS)http://semarc/title/11326 850 $aSeMil 852 $aSeMil$W1$xVenegono$y1$m3E I 206$j133494$B133494$CSeMilBibl$Z2$F145256 $81 996 $6245$aIl Vangelo della speranza$9(OLS)http://semarc/title/262289 996 $6260$aRoma :$bASAL$9(OLS)http://semarc/publisher/35262 LEADER 00938nam a2200217 i 4500 001 000000024948 003 CaOOAMICUS 005 20260408113632.0 008 180830s18511852it d u000 u ita u 040 $aSeMil$bita 100 1 $aTommaseo, Niccolò,$d<1802-1874>.$0(OLS)http://semarc/name/454 245 10$aNuovo dizionario dei sinonimi della lingua italiana /$cdi Niccolò Tommaseo. 250 $a2. ed. milanese, riveduta e riordinata dall'autore. 260 $aMilano :$bper Giuseppe Reina,$c1851-1852$f(co' tipi Bernardoni) 300 $a2 v. ;$c25 cm. 650 4$aLingua italiana - Sinonimi - Opere anteriori al 1900.$0(OLS)http://semarc/subject/15505 774 0 $t1: A-L.$w()73717 774 0 $t2: M-Z.$w()202209 996 $6245$aNuovo dizionario dei sinonimi della lingua italiana$9(OLS)http://semarc/title/9329 996 $6260$aMilano :$bper Giuseppe Reina$9(OLS)http://semarc/publisher/52168